Ako neracionálni spotrebitelia sme?

Na minha lista:
Detalhes bibliográficos
Autor principal: Szomolányi, Karol, 1976-
Autor Corporativo: Fakulta hospodárskej informatiky EU. Katedra operačného výskumu a ekonometrie
Formato: Livro
Idioma:eslovaco
Publicado em: Bratislava 2014
Assuntos:
Tags: Adicionar Tag
Sem tags, seja o primeiro a adicionar uma tag!

MARC

LEADER 00000nam a2200000 4500
001 0182656
005 20240502073126.7
041 0 |a slo 
044 |a SK 
245 1 0 |a Ako neracionálni spotrebitelia sme?  |c Karol Szomolányi 
264 1 |a Bratislava  |c 2014 
300 |a [3 s., 5,24 NS] 
610 2 0 |a spotrebitelia 
610 2 0 |a správanie spotrebiteľa 
100 1 |a Szomolányi, Karol, 1976- 
710 2 |a Fakulta hospodárskej informatiky EU. Katedra operačného výskumu a ekonometrie